quel département est le plus/possède le plus de ... - Statistiques

Statistiques générales
  • Ce quiz a été pris 27 fois
  • Le résultat moyen est 7 sur 20
Statistiques - réponses
Question Département % Correct
Quel département est le plus Grand Guyane
96%
Quel département est le plus Peuplé Nord
85%
Quel département a la plus grande préfecture Paris
69%
Quel département est le plus au sud La reunion
58%
Quel département est le plus a l'est La réunion
58%
Quel département est le plus au nord Nord
58%
Quel département est le plus a l'ouest Guadeloupe
54%
Quel département a la plus grande coastline Finistère
46%
Quel département a le plus de villes dans le top 20 de population Rhône
35%
Quel département a le plus de ville dans le top 50 de population Nord
31%
Quel département a la plus grande sous préfecture Marne
27%
Quel département a le plus de châteaux Dordogne
19%
Quel département a la plus grande bordure terrestre Guyane
19%
Quel département a le plus haut taux de criminalité Paris
19%
Quel département a le plus de ville dans le top 100 de population Hauts de seine
15%
Quel département a le plus haut taux de chômage La réunion
12%
Quel département a le plus haut taux d'obésité Nord
12%
Quel département est le plus bordé par d'autres Seine et marne
12%
Quel département a le le plus de communes Aisne
4%
Quel département est le plus jeune Haute corse/corse du sud
0%
Aucun quiz correspondant
Distribution des résultats
% des personnes avec chaque résultat
Percentile par nombre de réponses
Votre historique - résultats
Vous n’avez pas pris ce quiz